Tutu (Record n. 99794)

Dettagli MARC
000 -LEADER
fixed length control field 01476njm a2200349Ia 4500
001 - CONTROL NUMBER
control field 38672
003 - CONTROL NUMBER IDENTIFIER
control field IT-RoPAU
005 - DATE AND TIME OF LATEST TRANSACTION
control field 20220918181121.0
008 - FIXED-LENGTH DATA ELEMENTS--GENERAL INFORMATION
fixed length control field 131025s9999 xx 000 0 und d
040 ## - CATALOGING SOURCE
Original cataloging agency IT-RoPAU
040 ## - CATALOGING SOURCE
Transcribing agency IT-RoPAU
999 ## - SYSTEM CONTROL NUMBERS (KOHA)
Koha Dewey Subclass [OBSOLETE] n.d.
100 ## - MAIN ENTRY--PERSONAL NAME
Personal name AA.VV.
9 (RLIN) 794
100 ## - MAIN ENTRY--PERSONAL NAME
Relator term Autore musica
9 (RLIN) 20176
100 ## - MAIN ENTRY--PERSONAL NAME
Miscellaneous information Codice autore musica SPICS: 12000
9 (RLIN) 796
245 ## - TITLE STATEMENT
Title Tutu
250 ## - EDITION STATEMENT
Edition statement 1a ed.
260 ## - PUBLICATION, DISTRIBUTION, ETC. (IMPRINT)
Place of publication, distribution, etc. USA
260 ## - PUBLICATION, DISTRIBUTION, ETC. (IMPRINT)
Name of publisher, distributor, etc. WARNER BROS RECORDS
Date of publication, distribution, etc. 1986 [1a Ed.:1986 - Ed. Lingua Orig.: 1986]
300 ## - PHYSICAL DESCRIPTION
Extent DISCO
300 ## - PHYSICAL DESCRIPTION
Dimensions 44 minuti (Testo: pag.)
500 ## - GENERAL NOTE
General note Musica jazz
505 ## - FORMATTED CONTENTS NOTE
Formatted contents note Backyard Ritual (5:00) - Perfect Way (5:00) - Don't Lose Your Mind (6:00) - Full Nelson (6:00) - Tutu (6:00) - Tomaas (6:00) - Portia (7:00) - Splatch (5:00)
650 ## - SUBJECT ADDED ENTRY--TOPICAL TERM
Topical term or geographic name as entry element JAZZ [DISCHI]
Relator term Codice MATERIA SPICS: 9950
9 (RLIN) 20177
700 ## - ADDED ENTRY--PERSONAL NAME
Personal name Davis Miles
Miscellaneous information Codice interprete SPICS: 10734
Relator term Interprete
9 (RLIN) 20178
700 ## - ADDED ENTRY--PERSONAL NAME
Personal name Duke George
Miscellaneous information Codice autore musica SPICS: 28494
Relator term Autore musica
Name of part/section of a work Backyard Ritual
9 (RLIN) 20179
700 ## - ADDED ENTRY--PERSONAL NAME
Personal name Green
Miscellaneous information Codice autore musica SPICS: 28242
Relator term Autore musica
Name of part/section of a work Perfect Way
9 (RLIN) 20180
700 ## - ADDED ENTRY--PERSONAL NAME
Personal name Gamson David
Miscellaneous information Codice autore SPICS: 21703
Relator term Autore
Name of part/section of a work Perfect Way
9 (RLIN) 20181
700 ## - ADDED ENTRY--PERSONAL NAME
Personal name Miller Marcus
Miscellaneous information Codice autore musica SPICS: 23708
Relator term Autore musica
Name of part/section of a work Don't Lose Your Mind - Full Nelson - Tutu - Tomaas - Portia - Splatch
9 (RLIN) 20182
700 ## - ADDED ENTRY--PERSONAL NAME
Personal name Davis Miles
Miscellaneous information Codice autore musica SPICS: 10734
Relator term Autore musica
Name of part/section of a work Tomaas
9 (RLIN) 20183
942 ## - ADDED ENTRY ELEMENTS (KOHA)
Koha item type DISCHI
Source of classification or shelving scheme Dewey Decimal Classification
Dati di copia
Withdrawn status Lost status Damaged status Not for loan Home library Current library Date acquired Total Checkouts Full call number Date last seen Price effective from Koha item type Public note
    Buone Condizioni Not For Loan SPICS-MEDIATECA SPICS-MEDIATECA 25/10/2013   38672 25/10/2013 25/10/2013 DISCHI Progr. Ins.: 13711 / N.Vol.: 1 / Copie: 1 - Copia rara: n.d. / date import: 01.01.2014 - By Epidotti, Trombetti, Vaglietti
CREDITS: SOCIETA' SAN PAOLO Via A.Severo, 58 - ROMA (RM) & PERIODICI SAN PAOLO SRL Via Giotto, 36 MILANO & CISF Via Giotto, 36 MILANO & EDIZIONI SAN PAOLO SRL,  Piazza Soncino, 5 CINISELLO BALSAMO (MI) -- ITALY